|
|
|
|
| LEADER |
00000nab a2200000 a 4500 |
| 001 |
vtls000834356 |
| 003 |
SK-MaSNL |
| 005 |
20260304103547.0 |
| 008 |
250429c2003 xo 0 slo |
| 015 |
|
|
|a SNBRB2003/05-13964
|
| 035 |
|
|
|a CLN000186011
|
| 035 |
|
|
|a urn:nbn:sk:snk-ab1gon
|
| 035 |
|
|
|a (urnnbn)urn:nbn:sk:snk:ar-003nrh
|
| 035 |
|
|
|a (uuid)fb03a217-5f55-47f7-bd3d-59e43686e105
|
| 040 |
|
|
|a SNKBUCL
|b slo
|c SNKBUCL
|e AACR2
|
| 041 |
0 |
|
|a slo
|
| 044 |
|
|
|a xo
|c SK
|
| 080 |
|
|
|a 637.5:061.3(100)
|2 1997
|
| 080 |
|
|
|a 636:061.3(100)
|2 1997
|
| 100 |
1 |
|
|a Lahučký, Rudolf
|4 aut
|9 10845
|
| 245 |
1 |
0 |
|a Medzinárodný kongres vedy o mäse a technológie
|c Rudolf Lahučký
|
| 611 |
1 |
7 |
|a Medzinárodný kongres vedy o mäse a technológii
|n 48.
|d 2002
|c Rím, Taliansko
|2 snkbucl
|9 1402136
|
| 650 |
0 |
7 |
|a mäso
|x technológia
|x veda
|x kongresy
|x 2002
|2 snkbucl
|9 1402137
|
| 655 |
|
7 |
|a články z novín a časopisov
|2 snkbucl
|9 267496
|
| 773 |
0 |
|
|t Agriculture
|g Roč. 49, č. 1 (2003), s. 49-51
|x 0551-3677
|
| 850 |
|
|
|a Slovenská národná knižnica
|
| 852 |
|
|
|a Slovenská národná knižnica
|
| 954 |
|
|
|a odborná, vedecká literatúra pôvodná (slovenská)
|2 lita
|
| 958 |
|
|
|a article27
|
| 958 |
|
|
|a OND
|
| 958 |
|
|
|a EUIPO
|
| 992 |
|
|
|a RBX
|
| 999 |
|
|
|c 2849200
|d 2851130
|